| 000 | 00903nas a2200277 4500 | ||
|---|---|---|---|
| 001 | BR9207044 | ||
| 003 | BR-BrBNA | ||
| 005 | 20231205100450.0 | ||
| 007 | ta | ||
| 008 | 230509b bl.|||p| |||| 00| 00por d | ||
| 040 |
_aBR-BrBNA _bpor _cBiblioteca Nacional de Agricultura |
||
| 041 | _a(Pt) | ||
| 072 | _aH10 | ||
| 100 | 1 | _aVendramin, J.D. | |
| 100 | 1 | _aSilva, F.C. da | |
| 100 | 1 | _aCesar, M.A.A. | |
| 100 | 1 | _aCamargo, A.P. de | |
| 245 | 1 | _aComparacao entre dois metodos para avaliacao da infestacao pelo complexo broca-prodridoes em cultivares de cana-de-acucar | |
| 650 | _aCana de Acucar | ||
| 650 | _aBroca do Colmo | ||
| 650 | _aPraga de Planta | ||
| 650 | _aInfestacao | ||
| 773 | 0 |
_tAnais da Escola Superior de Agricultura Luiz de Queiroz (Brazil) _xISSN 0071-1276 _g(1988), v. 45(pt. 2) p. 397-421 _wBR9207044 |
|
| 909 |
_a202311 _bLúcia _c55 _dLúcia Elande |
||
| 942 |
_2AGRIS _n0 _cANA |
||
| 999 |
_c156180 _d156180 |
||